00000000nam 2200000za 4500
0019.674176
003CaOODSP
00520250630111120
007cr |||||||||||
008150407|1999||||xxc|||||o    f|0| 0 fre d
040 |aCaOODSP|bfre
043 |an-cn---
0861 |aRG52-36/1999-IN
1101 |aCanada. |bBureau de la concurrence.
24510|aGuide de la Loi et du règlement sur l'emballage et l'étiquetage des produits de consommation |h[ressource électronique]
260 |aOttawa - Ontario : |bIndustrie Canada. |c1999.
300 |a25p. (178 KB)
500 |aSommaire: Introduction.--Étiquetage.--Emballage.--Cosmétiques.--Nourriture pour animaux.
546 |aBilingue
590 |a01-01|b2001-01-05
69107|aProduit de consommation|2gcpds
69107|aEmballage|2gcpds
69107|aÉtiquetage|2gcpds
77508|tGuide to the Consumer Packaging and Labelling Act and regulations |w(CaOODSP)9.674175
85640|ahttp://publications.gc.ca|qPDF|s178 KB|uhttps://publications.gc.ca/collections/Collection/RG52-36-1999F.pdf